000 00305nam a22001337a 4500
008 170222b xxu||||| |||| 00| 0 eng d
020 _a0721644686
041 _aeng
080 _23RD
_a616.31
100 _a5
101 _aSHF
245 _aORAL RADIOGRAPHIC INTERPRETATION
_cLANGLAIS
942 _2udc
_cBK
999 _c6088
_d6088